000 00352 a2200169 4500
001 184972
020 _a978-85-16-05089-4
040 _cMagnum
100 _aBandeira, Pedro
240 1 0 _aA pequena bruxa
_lpor
245 1 0 _aA pequena bruxa
300 _a48
362 0 _a2009
440 1 _aModerna
697 _aLITERATURA INFANTO
942 _cBK
999 _c184972
_d184972